00393 2200145 4500001002100000008004100021035002000062245005500082100001800137260003100155300001400186082001400200650002000214990001300234INLIS000000000001012 ind  a0010-0423001012 aLEGENDA DAN DONGENG ANAK NUSANTARA ANDE ANDE LUMUT aPUPUT MUGIATI aSURABAYAbPRIMA JAYAc2009 ahlm.ccm. a899.221 3 aFIKSI INDONESIA a102368-1